MDQL
is popping MORE tags! Check the
thread
!
Quizzes
Events
Quiz Creation
Community
Videos
Private Events
Remove Ads
Sign In
Join for FREE
Feedback
Dark Mode
Quiz Categories
Sports
Geography
Music
Movies
Television
Just For Fun
Miscellaneous
History
Literature
Language
Science
Gaming
Entertainment
Religion
Holiday
For Kids
Quiz Lab
Recent
Popular Today
Quiz Kudos Today
Editor Picks
Curator Picks
Quizzes by...
Day
Popularity
Type
Ratings
Length
Year
Community
Subscriptions
Recent Discussions
Orange Saloon
Badges
Playlists
Quests
Create
Leaderboards
Showdown
Live 5
Trivia Bingo
Activity
Puzzle Library
Sporcle Events
Private Events
Virtual Trivia
Globe League
Become a Host
Pub Owners
SporcleCon
Opinionation
Our Games
Videos
Blog
Mobile Apps
Partnerships
Remove Ads and Go Orange
Feedback
Entertainment
Celebrity
Famous
Musical
Broadway
Show
Quote
Comic Books
Anime
Superhero
DC Comics
Marvel
Cartoons
Animation
Entertainment
Celebrity
Famous
Musical
Broadway
Show
Quote
Comic Books
Anime
Superhero
DC Comics
Marvel
Cartoons
Animation
Random Quiz
Search Sporcle
×
Quiz Lab
Quiz Lab
Entertainment
Clickable
Select answers by clicking on text or image buttons
Select answers by clicking on text or image buttons
Clickable
Best Score? Go Orange.
What do they have in common? Stats
Can you guess what each group of people has in common?
By
labdien
8m
49 Questions
27 Plays
27 Plays
27 Plays
Comments
Comments
Give Quiz Kudos
Give Quiz Kudos
-
- Ratings
hide this ad
Forced Order
Answers have to be entered in order
Answers have to be entered in order
Replay
Link that replays current quiz
Next Quiz
Link to next quiz in quiz playlist
You Got
0%
They Got
Avg Score
40%
Avg Friend Score
Upgrade to see
Score Distribution
Jump to the score distribution portion of the page
Score
0/49
Timer
08:00
0
Plays Today
% Correct
British Prime Ministers
81.5%
Titanic
77.8%
American Idol
77.8%
Mona Lisa Smile
70.4%
When Harry Met Sally
70.4%
Julie & Julia
70.4%
Psycho
70.4%
The Sound of Music
70.4%
One Direction
66.7%
Casablanca
66.7%
Citizen Kane
66.7%
US Senate
66.7%
NSYNC
63%
The West Wing
59.3%
1984
59.3%
The Go-Go’s
55.6%
Hallelujah
55.6%
Avatar
55.6%
Britney Spears
48.1%
Prison
44.4%
CIA
40.7%
Nobel Prize
40.7%
DNA
40.7%
Foreigner
37%
Heart
37%
% Correct
Hamilton
37%
Prince
33.3%
Miley Cyrus
33.3%
General Hospital
33.3%
Arsenal F.C.
29.6%
Freemasonry
29.6%
Squeeze
25.9%
Wellesley
22.2%
Indians
22.2%
Stanford
22.2%
Menudo
22.2%
Porcellian Club
18.5%
Carousel
18.5%
Vassar
18.5%
Bette Davis
18.5%
Skull and Bones
14.8%
FBI
14.8%
Kansas
14.8%
Pentatonix
14.8%
Instagram
14.8%
IBM
14.8%
MRI
14.8%
Oklahoma
11.1%
Union Club
11.1%
Quiz Playlist
Details
Report
Send in Message
Add To Playlist
Clickable:
Select answers by clicking on text or image buttons
Forced Order:
Answers have to be entered in order
Last Updated: Feb 16, 2017
Quiz Scoreboard
CHALLENGE
Sign Up to Join the Scoreboard
Show All
Scores
Hide
Comments
May contain spoilers
Recently Published
Find the 'City' Movie
by crazypaving
Movies
60s
5x2 Blitz: Bands
by SL_Kpop136
Music
30s
Colored Red Africa Blitz
by spor1
Geography
30s
More to Explore
Quiz From the Vault
Featured Blog Post
14 Easter Pick-up Lines to Find Eggs With
hide this ad
You Might Also Like...
Tags
Clickable Quiz
common
group
Today's Top Quizzes in Entertainment
Browse Entertainment
hide this ad
Today's Top Quizzes in Clickable
Browse Clickable
Top Contributed Quizzes in Entertainment
1
Dragon Ball Z: Goku's Fights in Order
2
Marvel Characters Bunker
3
Marvel Classic Character Map
4
Celebrity Spelling Bee
5
This is Your Life: Edward Elric
6
This is Your Life: Itachi Uchiha
7
Dragon Ball Z: Immortal Characters
8
X-Men: 10 to 1
9
Fairy Tail 12-1
10
Finish The Line - Starship (Starkid)
Explore More
Trending Topics
NBA
Marvel
Kpop
Harry Potter
Crossword
Disney
Anime
WWE
Puzzle
Country
Pokémon
Soccer
The Office
NFL
Song
hide this ad
More By:
labdien
Quiz
Plays
Rating
Category
Featured
Created
World War II Presidents
27,649
4.69
History
Jun 7, 2015
US Presidents Alive on 9/11
6,875
4.57
History
Jun 3, 2015
US Presidents Alive JFK Assassination
4,243
4.76
History
Jun 6, 2015
US Presidents Alive During Queen Elizabeth II's Reign
2,744
4.29
History
Jun 3, 2015
US Presidents Alive When Hitler Was Alive
2,614
4.56
History
Jul 23, 2015
Go to Creator's Profile
Score Distribution
Quiz Creator Spotlight
labdien
Follow
Send a Message
Quizzes Created
-
Created Quiz Play Count
-
More By This Creator
Popular Quizzes Today
1
Colored Red Africa Blitz
2
Find the 'City' Movie
3
5x2 Blitz: Bands
4
Find the US States - No Outlines Minefield
5
The Countries of the World
6
Find the US States
7
US States
8
9x9 Crossword: Cartoon Network
More Entertainment Quizzes
Comic Teams Sorting Blitz
Quiz Lab
Trending Quizzes
Colored Red Europe Blitz I
Colored Red Africa Blitz II
Colored Red Africa Blitz III
Colored Red Europe Blitz III
Colored Red Europe Blitz II
Recently Updated
Champions League XIs: Real Madrid
pecheneg
Largest US Cities 1790-2010
pecheneg
Rides in Walt Disney World
pecheneg
Most Oscar Losses (Acting)
pecheneg
Beyoncé Albums
pecheneg
Leaping Animals
pecheneg
Reality TV Shows (A-Z)
bhenderson79
Rickey Henderson's Hall of Fame Teammates
pecheneg
Champions League XIs: Arsenal
pecheneg
Quick Pick: Celebrities in WWE's Hall of Fame
aduchscher
Trending Topics
Harry Potter
Crossword
NBA
Kpop
Disney
Marvel
Anime
Country
The Office
Pokémon
Song
WWE
Puzzle
Soccer
NFL
Your Account Isn't Verified!
In order to create a playlist on Sporcle, you need to verify the email address you used during registration. Go to your
Sporcle Settings
to finish the process.
Report this User
Report this user for behavior that violates our
Community Guidelines
.
Details:
Send Report
Go to the Sporcle.com Mobile Site →
Comments